01353nam a2200229Ia 4500008004100000020001500041041001200056082001600068100002300084245007500107260002500182300000800207650000800215700001800223942000700241999001500248952017200263952017200435952017200607952017200779952017200951221030s9999 xx 000 0 und d a0074624776 aEnglish a105.23bBha aS. K. Bhattacharya 0aIndustrial Electronics & Controlcby S. K. Bhattacharya, S. Chatterjee bTMHaNew Delhic2002 a649 aECE aS. Chatterjee cBK c8023d8023 pBE 5999g175.00l0o105.23 Bhar2024-06-13 00:00:00w2022-10-30yBK003Print4070aMIETLIBbMIETLIBcBL-Academic Block- A, FL-1, CUP-10, SH-6, R-6d2002-09-2010HBE pBE 6000g175.00l0o105.23 Bhar2024-06-13 00:00:00w2022-10-30yBK003Print4070aMIETLIBbMIETLIBcBL-Academic Block- A, FL-1, CUP-10, SH-6, R-6d2002-09-2010HBE pBE 6867g190.00l0o105.23 Bhar2024-06-13 00:00:00w2022-10-30yBK003Print4070aMIETLIBbMIETLIBcBL-Academic Block- A, FL-1, CUP-10, SH-6, R-6d2003-06-2710HBE pBE 6868g190.00l0o105.23 Bhar2024-06-13 00:00:00w2022-10-30yBK003Print4070aMIETLIBbMIETLIBcBL-Academic Block- A, FL-1, CUP-10, SH-6, R-6d2005-06-2710HBE pBE 6322g175.00l0o105.23 Bhar2024-06-13 00:00:00w2022-10-30yBK003Print4070aMIETLIBbMIETLIBcBL-Academic Block- A, FL-1, CUP-10, SH-6, R-6d2003-01-1710HBE